000 00784nam a2200241Ia 4500
003 GCL
008 140319s9999 xx 000 0 ara d
040 _aGCL /
_cGCL
082 0 4 _a953.073
_bس ط
100 1 _aالسيد عبدالعزيز سالم
245 1 0 _aطرابلس الشام فى التاريخ الاسلامى /
_cالسيد عبدالعزيز سالم
260 _a[S.N] :
_bمؤسسة شباب الجامعة
300 _a517 ص
490 _a
650 0 4 _aتاريخ
650 0 4 _aالدولة الفاطمية
650 0 4 _aالتاريخ الاسلامى
650 0 4 _aلبنان
650 0 4 _aالحضارة الاسلامية
650 0 4 _aالامبراطورية العثمانية (1917-1640م)
650 0 4 _aطرابلس
942 _2ddc
_cBK
999 _c32206
_d32206